Common White Things - Statistics

General Stats
  • This quiz has been taken 49 times
  • The average score is 11 of 12
Answer Stats
Picture Answer % Correct
Wolf
100%
Cloud
98%
Coconut
96%
Garlic
96%
Paper
96%
Swan
96%
Tooth
96%
Cauliflower
93%
Rice
93%
Cotton
85%
Pearl
85%
Daisy
80%
No matching quizzes found
Score Distribution
Percent of People with Each Score
Percentile by Number Answered
Your Score History
You have not taken this quiz